[Event "TNMH"]
[Site "Universidade de Aveiro"]
[Date "2023.12.19"]
[Round "2.1"]
[White "Ribeiro, Gustavo"]
[Black "Veiga, Jose"]
[Result "1/2-1/2"]
[BlackElo "2357"]
[WhiteElo "2187"]
[LiveChessVersion "1.4.8"]

1. e4 {[%clk 1:30:59]} e5 {[%clk 1:30:29]} 2. Nf3 {[%clk 1:31:25]} Nc6
{[%clk 1:30:48]} 3. Bc4 {[%clk 1:31:53]} Bc5 {[%clk 1:31:05]} 4. O-O
{[%clk 1:32:17]} Nf6 {[%clk 1:31:23]} 5. d3 {[%clk 1:32:45]} d6 {[%clk 1:31:33]}
6. a4 {[%clk 1:33:14]} a6 {[%clk 1:31:45]} 7. c3 {[%clk 1:33:35]} Ba7
{[%clk 1:32:04]} 8. Nbd2 {[%clk 1:33:48]} O-O {[%clk 1:31:18]} 9. Re1
{[%clk 1:34:04]} Ng4 {[%clk 1:30:05]} 10. Re2 {[%clk 1:34:28]} Kh8
{[%clk 1:28:11]} 11. h3 {[%clk 1:33:50]} Nh6 {[%clk 1:28:03]} 12. Nf1
{[%clk 1:31:14]} f5 {[%clk 1:27:31]} 13. Bg5 {[%clk 1:31:25]} Qe8
{[%clk 1:26:59]} 14. Bxh6 {[%clk 1:30:17]} gxh6 {[%clk 1:26:25]} 15. exf5
{[%clk 1:29:29]} Bxf5 {[%clk 1:25:07]} 16. N1h2 {[%clk 1:29:53]} Qg6
{[%clk 1:09:21]} 17. Kh1 {[%clk 1:28:55]} Rad8 {[%clk 1:02:44]} 18. Nh4
{[%clk 1:20:08]} Qf6 {[%clk 1:02:26]} 19. Nxf5 {[%clk 1:19:31]} Qxf5
{[%clk 1:02:54]} 20. Qb3 {[%clk 1:19:52]} d5 {[%clk 0:44:17]} 21. Bxd5
{[%clk 1:17:49]} Na5 {[%clk 0:42:11]} 22. Qa2 Qxd3 {[%clk 0:42:37]} 23. Rxe5
{[%clk 1:18:24]} Bxf2 {[%clk 0:43:03]} 24. Nf1 {[%clk 1:06:58]} Bc5
{[%clk 0:36:14]} 25. Bf7 {[%clk 1:05:17]} Bb6 {[%clk 0:30:02]} 26. Qe6
{[%clk 1:04:20]} Qd6 {[%clk 0:25:11]} 27. Rae1 {[%clk 1:01:32]} Qxe6 28. Bxe6
{[%clk 1:02:01]} Rf2 {[%clk 0:23:03]} 29. b4 {[%clk 1:01:29]} Nc6
{[%clk 0:23:24]} 30. Rf5 {[%clk 1:01:50]} Rd3 {[%clk 0:17:25]} 31. Rxf2
{[%clk 0:57:21]} Bxf2 {[%clk 0:17:52]} 32. Rc1 {[%clk 0:57:45]} a5
{[%clk 0:16:27]} 33. Bf5 {[%clk 0:54:55]} Rd6 {[%clk 0:16:27]} 34. g4
{[%clk 0:54:57]} Bb6 {[%clk 0:14:09]} 35. b5 {[%clk 0:53:13]} Ne5
{[%clk 0:10:00]} 36. c4 {[%clk 0:52:05]} Bc5 {[%clk 0:08:59]} 37. Re1
{[%clk 0:50:51]} Bd4 {[%clk 0:08:33]} 38. Ng3 {[%clk 0:51:01]} b6
{[%clk 0:07:27]} 39. Ne4 {[%clk 0:50:15]} Rd8 {[%clk 0:07:51]} 40. Rc1
{[%clk 0:50:28]} Nd3 {[%clk 0:07:38]} 41. Rc2 {[%clk 0:49:21]} Kg7
{[%clk 0:04:54]} 42. Ng3 {[%clk 0:49:22]} Ne5 {[%clk 0:03:16]} 43. Nh5+
{[%clk 0:49:08]} Kh8 {[%clk 0:03:32]} 44. Nf4 {[%clk 0:49:04]} Bc5
{[%clk 0:02:57]} 45. Kg2 {[%clk 0:48:03]} Rd1 {[%clk 0:03:09]} 46. Kg3
{[%clk 0:48:11]} Bd6 {[%clk 0:03:20]} 47. Kg2 {[%clk 0:47:06]} Ra1
{[%clk 0:03:23]} 48. Ne6 {[%clk 0:46:50]} Rxa4 {[%clk 0:02:40]} 49. c5
{[%clk 0:47:18]} bxc5 {[%clk 0:02:38]} 50. Nxc5 {[%clk 0:47:47]} Rc4
{[%clk 0:02:14]} 51. Nb7 {[%clk 0:47:17]} Rxc2+ {[%clk 0:01:05]} 52. Bxc2
{[%clk 0:47:41]} Bb4 {[%clk 0:01:25]} 53. Nd8 {[%clk 0:47:10]} Nc4
{[%clk 0:01:23]} 54. Kf3 {[%clk 0:47:04]} Nd6 {[%clk 0:00:57]} 55. Ba4 Nc8
{[%clk 0:00:41]} 56. Nc6 {[%clk 0:46:56]} Nb6 {[%clk 0:00:40]} 57. Nxb4
{[%clk 0:47:14]} axb4 {[%clk 0:00:50]} 58. Bb3 {[%clk 0:47:41]} Nc8
{[%clk 0:00:39]} 59. Ke3 {[%clk 0:47:01]} Nd6 {[%clk 0:01:05]} 60. Ba4
{[%clk 0:46:56]} Kg7 {[%clk 0:01:08]} 61. Kd4 {[%clk 0:47:23]} b3
{[%clk 0:01:02]} 62. Bxb3 {[%clk 0:47:05]} Nxb5+ {[%clk 0:01:27]} 63. Kc5
{[%clk 0:47:29]} Nc3 {[%clk 0:01:37]} 64. Kc6 {[%clk 0:47:36]} Ne4
{[%clk 0:01:36]} 65. h4 {[%clk 0:47:59]} Kf6 {[%clk 0:00:34]} 66. Bc2
{[%clk 0:48:01]} Ke5 {[%clk 0:00:36]} 67. Kxc7 {[%clk 0:47:22]} Kf4
{[%clk 0:01:05]} 68. Bxe4 {[%clk 0:47:08]} Kxe4 {[%clk 0:01:33]} 69. Kd6
{[%clk 0:47:37]} Kf4 {[%clk 0:01:46]} 70. Kd5 {[%clk 0:48:00]} Kxg4
{[%clk 0:02:09]} 71. Ke4 {[%clk 0:48:28]} Kxh4 {[%clk 0:02:18]} 1/2-1/2

[Event "TNMH"]
[Site "Universidade de Aveiro"]
[Date "2023.12.19"]
[Round "2.2"]
[White "Dias, Ricardo"]
[Black "Ribeiro, Fernando"]
[Result "1/2-1/2"]
[BlackElo "2186"]
[WhiteElo "2189"]
[LiveChessVersion "1.4.8"]

1. e4 {[%clk 1:30:14]} c5 {[%clk 1:19:21]} 2. Nf3 {[%clk 1:30:29]} a6
{[%clk 1:18:45]} 3. c3 {[%clk 1:30:42]} d5 {[%clk 1:18:15]} 4. exd5
{[%clk 1:30:46]} Qxd5 {[%clk 1:18:20]} 5. d4 {[%clk 1:31:01]} Nc6
{[%clk 1:18:28]} 6. Be2 {[%clk 1:30:19]} e6 {[%clk 1:16:33]} 7. O-O
{[%clk 1:29:57]} Nf6 {[%clk 1:16:46]} 8. Be3 {[%clk 1:18:26]} cxd4
{[%clk 1:17:05]} 9. cxd4 {[%clk 1:18:50]} Be7 {[%clk 1:15:32]} 10. Nc3
{[%clk 1:18:59]} Qd8 {[%clk 1:14:38]} 11. Ne5 {[%clk 1:10:00]} Nb4
{[%clk 1:03:22]} 12. Qa4+ {[%clk 1:02:19]} Kf8 {[%clk 1:02:01]} 13. Qb3
{[%clk 0:59:33]} Nbd5 {[%clk 1:01:41]} 14. Nxd5 {[%clk 0:51:54]} Nxd5
{[%clk 1:01:58]} 15. Bh5 g6 16. Bh6+ {[%clk 0:38:10]} Kg8 {[%clk 1:01:40]} 17.
Rac1 {[%clk 0:21:14]} Bf8 {[%clk 0:57:19]} 18. Bxf8 {[%clk 0:21:31]} Kxf8
{[%clk 0:52:57]} 19. Qf3 {[%clk 0:19:47]} f6 20. Bxg6 {[%clk 0:16:47]} hxg6
{[%clk 0:46:56]} 21. Nxg6+ {[%clk 0:17:14]} Kf7 {[%clk 0:46:21]} 22. Nxh8+
{[%clk 0:16:22]} Qxh8 {[%clk 0:46:49]} 23. Rfe1 {[%clk 0:16:35]} Bd7
{[%clk 0:46:50]} 24. Re5 {[%clk 0:09:26]} Qh6 {[%clk 0:34:28]} 25. Rce1
{[%clk 0:08:40]} Rh8 {[%clk 0:18:12]} 26. h3 {[%clk 0:08:40]} Qd2
{[%clk 0:10:55]} 27. R1e4 {[%clk 0:06:32]} Qxb2 {[%clk 0:08:56]} 28. a3
{[%clk 0:03:06]} Qc1+ {[%clk 0:06:35]} 29. Kh2 {[%clk 0:03:11]} Qc7
{[%clk 0:06:27]} 30. g3 {[%clk 0:02:45]} Qc2 {[%clk 0:05:27]} 31. Rh4
{[%clk 0:00:38]} Rxh4 {[%clk 0:05:06]} 32. gxh4 {[%clk 0:01:06]} Bc6
{[%clk 0:02:26]} 33. Rg5 {[%clk 0:01:33]} Qh7 {[%clk 0:02:15]} 34. h5
{[%clk 0:01:03]} Ne7 {[%clk 0:02:31]} 35. Qf4 {[%clk 0:01:22]} Qe4
{[%clk 0:01:51]} 36. Qxe4 {[%clk 0:01:21]} Bxe4 {[%clk 0:02:21]} 37. Rc5
{[%clk 0:01:26]} Bc6 {[%clk 0:01:53]} 38. Rc4 {[%clk 0:00:31]} Kg7
{[%clk 0:02:11]} 39. Kg3 {[%clk 0:00:58]} Kh6 {[%clk 0:02:35]} 40. Kg4
{[%clk 0:01:04]} Nf5 {[%clk 0:02:43]} 41. d5 {[%clk 0:01:03]} Bxd5
{[%clk 0:03:06]} 42. Rc8 {[%clk 0:01:31]} Bc6 {[%clk 0:02:39]} 43. Rh8+
{[%clk 0:01:48]} Kg7 {[%clk 0:03:07]} 44. Rc8 {[%clk 0:02:13]} Nh6+
{[%clk 0:03:10]} 45. Kf4 {[%clk 0:02:32]} e5+ {[%clk 0:03:13]} 46. Kg3
{[%clk 0:02:16]} f5 {[%clk 0:02:09]} 47. Rc7+ {[%clk 0:02:18]} Kf6
{[%clk 0:02:19]} 48. Rh7 {[%clk 0:02:18]} Kg5 {[%clk 0:01:52]} 49. Rg7+
{[%clk 0:02:00]} Kxh5 {[%clk 0:01:41]} 50. f4 {[%clk 0:02:27]} exf4+
{[%clk 0:01:50]} 51. Kxf4 {[%clk 0:02:54]} Be4 {[%clk 0:01:16]} 52. Rg5+
{[%clk 0:02:52]} Kh4 {[%clk 0:01:44]} 53. Rg6 {[%clk 0:03:15]} Kxh3
{[%clk 0:01:54]} 54. Rxh6+ {[%clk 0:03:39]} Kg2 {[%clk 0:02:18]} 55. Ke3
{[%clk 0:03:18]} 1/2-1/2

[Event "TNMH"]
[Site "Universidade de Aveiro"]
[Date "2023.12.19"]
[Round "2.3"]
[White "Fidalgo, Andre"]
[Black "Ferreira, Luis"]
[Result "0-1"]
[BlackElo "2193"]
[WhiteElo "2245"]
[LiveChessVersion "1.4.8"]

1. e4 {[%clk 1:29:59]} e6 {[%clk 1:30:53]} 2. d4 {[%clk 1:30:21]} d5
{[%clk 1:31:19]} 3. Nc3 {[%clk 1:30:44]} dxe4 {[%clk 1:31:38]} 4. Nxe4
{[%clk 1:31:06]} Nd7 {[%clk 1:31:59]} 5. Nf3 {[%clk 1:31:20]} Ngf6
{[%clk 1:32:24]} 6. Nxf6+ {[%clk 1:31:32]} Nxf6 {[%clk 1:32:47]} 7. Be3
{[%clk 1:31:54]} Be7 {[%clk 1:31:55]} 8. Bd3 {[%clk 1:32:10]} b6 {[%clk 1:32:14]}
9. Qe2 {[%clk 1:30:48]} Bb7 {[%clk 1:31:29]} 10. O-O-O {[%clk 1:30:12]} O-O
{[%clk 1:28:43]} 11. h4 {[%clk 1:24:15]} c5 {[%clk 1:17:03]} 12. dxc5
{[%clk 1:07:18]} Qc7 {[%clk 1:16:36]} 13. cxb6 {[%clk 0:52:43]} axb6
{[%clk 1:12:14]} 14. Kb1 {[%clk 0:50:46]} Nd5 {[%clk 1:04:09]} 15. Bd4
{[%clk 0:34:10]} Ra5 {[%clk 0:32:46]} 16. Be5 {[%clk 0:28:10]} Qc5
{[%clk 0:27:45]} 17. Ng5 {[%clk 0:26:04]} h6 {[%clk 0:14:51]} 18. Ne4
{[%clk 0:15:23]} Qc6 {[%clk 0:14:22]} 19. Nc3 {[%clk 0:02:32]} Rfa8
{[%clk 0:06:05]} 20. Nxd5 {[%clk 0:02:05]} Rxd5 {[%clk 0:05:30]} 21. Bc3
{[%clk 0:02:06]} Rc5 {[%clk 0:04:20]} 22. Bb4 {[%clk 0:01:38]} Qa4
{[%clk 0:02:06]} 23. a3 {[%clk 0:02:02]} Bf6 {[%clk 0:01:54]} 24. Bxc5
{[%clk 0:00:47]} bxc5 {[%clk 0:02:20]} 25. Bb5 {[%clk 0:01:05]} Qa5
{[%clk 0:02:37]} 26. Rh3 {[%clk 0:00:33]} Bxg2 {[%clk 0:02:00]} 27. Rg3
{[%clk 0:00:51]} Bd5 {[%clk 0:02:25]} 28. c4 {[%clk 0:01:02]} Bb7
{[%clk 0:02:38]} 29. Rd7 {[%clk 0:01:14]} Bc8 {[%clk 0:02:14]} 30. Rd1
{[%clk 0:00:37]} Bxh4 {[%clk 0:01:11]} 31. Rgd3 {[%clk 0:00:31]} Bf6
{[%clk 0:01:23]} 32. Qg4 {[%clk 0:00:54]} Qc7 {[%clk 0:00:56]} 33. Rg3
{[%clk 0:00:45]} Qe5 {[%clk 0:00:48]} 34. Rd2 {[%clk 0:00:36]} Bb7
{[%clk 0:00:42]} 35. Re3 {[%clk 0:00:54]} Qg5 {[%clk 0:00:59]} 36. Qd1
{[%clk 0:00:35]} Qf4 {[%clk 0:00:52]} 37. Rg3 {[%clk 0:00:38]} g6
{[%clk 0:00:37]} 38. Ka2 {[%clk 0:00:40]} h5 {[%clk 0:00:52]} 39. Rb3
{[%clk 0:00:42]} Bd4 {[%clk 0:00:39]} 40. f3 {[%clk 0:00:38]} h4 {[%clk 0:00:38]}
41. Bd7 {[%clk 0:00:39]} Ba6 {[%clk 0:01:02]} 42. Bb5 {[%clk 0:00:59]} Bb7
{[%clk 0:01:27]} 43. Bd7 {[%clk 0:01:24]} Ba6 {[%clk 0:01:52]} 44. Rc2
{[%clk 0:00:32]} Qc7 {[%clk 0:01:00]} 45. Bb5 {[%clk 0:00:33]} Bb7
{[%clk 0:01:20]} 46. Qh1 {[%clk 0:00:49]} Qf4 {[%clk 0:01:17]} 47. Rh2
{[%clk 0:01:12]} Bf6 {[%clk 0:01:22]} 48. Rd3 {[%clk 0:01:11]} Kg7
{[%clk 0:01:31]} 49. Rhd2 {[%clk 0:00:41]} Bd4 {[%clk 0:01:21]} 50. Qh2
{[%clk 0:00:42]} Qxh2 {[%clk 0:00:53]} 51. Rxh2 {[%clk 0:01:05]} g5
{[%clk 0:01:21]} 52. Rg2 {[%clk 0:00:46]} Kg6 {[%clk 0:01:36]} 53. b4
{[%clk 0:00:41]} e5 {[%clk 0:01:00]} 54. bxc5 {[%clk 0:00:42]} Bxc5
{[%clk 0:01:18]} 55. Bd7 {[%clk 0:00:48]} e4 {[%clk 0:01:30]} 56. Rb2 0-1

[Event "TNMH"]
[Site "Universidade de Aveiro"]
[Date "2023.12.19"]
[Round "2.4"]
[White "Reis, Luis"]
[Black "Goncalves, Samuel"]
[Result "0-1"]
[BlackElo "2165"]
[WhiteElo "2157"]
[LiveChessVersion "1.4.8"]

1. e4 {[%clk 1:30:16]} c6 {[%clk 1:29:06]} 2. c4 {[%clk 1:27:51]} d5
{[%clk 1:28:48]} 3. exd5 {[%clk 1:27:56]} cxd5 {[%clk 1:29:04]} 4. d4
{[%clk 1:28:11]} Nf6 {[%clk 1:29:23]} 5. Nc3 {[%clk 1:28:23]} Nc6
{[%clk 1:29:02]} 6. Nf3 {[%clk 1:27:18]} Bg4 {[%clk 1:29:03]} 7. cxd5
{[%clk 1:25:23]} Nxd5 {[%clk 1:29:23]} 8. Qb3 {[%clk 1:24:50]} Bxf3
{[%clk 1:29:41]} 9. gxf3 {[%clk 1:24:57]} e6 {[%clk 1:29:59]} 10. Qxb7
{[%clk 1:23:42]} Nxd4 {[%clk 1:30:20]} 11. Bb5+ {[%clk 1:22:46]} Nxb5
{[%clk 1:30:42]} 12. Qc6+ {[%clk 1:22:18]} Ke7 {[%clk 1:30:00]} 13. Qc5+
{[%clk 1:22:27]} Nd6 {[%clk 1:15:33]} 14. Nxd5+ {[%clk 1:20:46]} exd5
{[%clk 1:03:19]} 15. Qxd5 {[%clk 1:19:07]} Rb8 {[%clk 0:53:43]} 16. Bf4
{[%clk 1:06:16]} Kd7 {[%clk 0:49:41]} 17. O-O-O {[%clk 0:46:24]} Qf6
{[%clk 0:47:00]} 18. Rd4 {[%clk 0:41:55]} Be7 {[%clk 0:41:44]} 19. Re1
{[%clk 0:30:14]} Rhc8+ {[%clk 0:37:23]} 20. Kb1 {[%clk 0:30:16]} Rc6
{[%clk 0:33:40]} 21. a4 {[%clk 0:20:09]} Rbb6 {[%clk 0:23:53]} 22. Ka2
{[%clk 0:13:52]} Rc2 {[%clk 0:21:42]} 23. Bc1 {[%clk 0:10:53]} Rbc6
{[%clk 0:18:10]} 24. Rdd1 {[%clk 0:07:08]} R2c5 {[%clk 0:16:18]} 25. Qb3
{[%clk 0:06:29]} Rb6 {[%clk 0:15:41]} 26. Qa3 {[%clk 0:06:16]} Re5
{[%clk 0:15:34]} 27. Be3 {[%clk 0:04:03]} Qe6+ {[%clk 0:14:52]} 28. b3
{[%clk 0:04:09]} f5 {[%clk 0:11:29]} 29. Qc1 {[%clk 0:03:14]} Qxb3+
{[%clk 0:11:44]} 0-1

[Event "TNMH"]
[Site "Universidade de Aveiro"]
[Date "2023.12.19"]
[Round "2.5"]
[White "Farias, David"]
[Black "Martins, Bruno"]
[Result "0-1"]
[BlackElo "2334"]
[WhiteElo "2133"]
[LiveChessVersion "1.4.8"]

1. e4 {[%clk 1:30:49]} c5 {[%clk 1:29:45]} 2. Nf3 {[%clk 1:31:11]} Nc6
{[%clk 1:29:33]} 3. d4 {[%clk 1:31:22]} cxd4 {[%clk 1:29:58]} 4. Nxd4
{[%clk 1:31:41]} e5 {[%clk 1:30:10]} 5. Nb5 {[%clk 1:31:29]} d6 {[%clk 1:30:21]}
6. c4 {[%clk 1:30:28]} g6 {[%clk 1:28:22]} 7. N1c3 {[%clk 1:21:38]} a6
{[%clk 1:26:55]} 8. Na3 {[%clk 1:22:04]} Bg7 {[%clk 1:26:37]} 9. Nc2
{[%clk 1:12:56]} Nf6 {[%clk 1:24:21]} 10. Be2 {[%clk 1:10:54]} O-O
{[%clk 1:23:15]} 11. O-O {[%clk 1:08:18]} Be6 {[%clk 1:23:35]} 12. Ne3
{[%clk 0:57:43]} Rc8 {[%clk 1:14:01]} 13. Bd2 {[%clk 0:51:55]} Nd4
{[%clk 1:13:09]} 14. b3 {[%clk 0:47:40]} b5 {[%clk 1:03:46]} 15. Bd3
{[%clk 0:42:40]} Rb8 {[%clk 0:44:31]} 16. Ned5 {[%clk 0:35:24]} Nd7
{[%clk 0:44:05]} 17. cxb5 {[%clk 0:25:09]} Nc5 {[%clk 0:42:19]} 18. Be3
{[%clk 0:23:20]} axb5 {[%clk 0:40:29]} 19. b4 {[%clk 0:20:23]} Nxd3
{[%clk 0:37:18]} 20. Qxd3 {[%clk 0:20:52]} Qd7 {[%clk 0:28:27]} 21. Rac1
{[%clk 0:13:13]} Qb7 {[%clk 0:24:18]} 22. Rfd1 {[%clk 0:08:36]} f5
{[%clk 0:21:40]} 23. f3 {[%clk 0:06:41]} Rfc8 {[%clk 0:12:20]} 24. Bf2
{[%clk 0:00:55]} Rc4 {[%clk 0:08:21]} 25. a3 {[%clk 0:00:37]} Rbc8
{[%clk 0:08:24]} 26. Kh1 {[%clk 0:00:32]} Bxd5 {[%clk 0:08:07]} 27. exd5 Nb3
{[%clk 0:08:01]} 28. Rc2 {[%clk 0:01:01]} e4 {[%clk 0:08:13]} 29. fxe4
{[%clk 0:00:59]} Rxc3 {[%clk 0:07:49]} 30. Rxc3 {[%clk 0:01:19]} Rxc3
{[%clk 0:08:13]} 31. Qe2 {[%clk 0:01:46]} Qe7 {[%clk 0:03:08]} 32. Qxb5
{[%clk 0:01:45]} fxe4 {[%clk 0:03:18]} 33. Qb8+ {[%clk 0:00:35]} Qf8
{[%clk 0:02:18]} 34. Qa7 {[%clk 0:00:44]} Rc1 {[%clk 0:01:07]} 35. Rxc1
{[%clk 0:00:52]} Nxc1 {[%clk 0:01:36]} 36. b5 {[%clk 0:01:11]} Nd3
{[%clk 0:01:49]} 37. Bg1 {[%clk 0:01:38]} Qf1 {[%clk 0:01:32]} 38. Qe3
{[%clk 0:01:38]} Bh6 {[%clk 0:01:27]} 0-1

[Event "TNMH"]
[Site "Universidade de Aveiro"]
[Date "2023.12.19"]
[Round "2.6"]
[White "Matos, Joao"]
[Black "Ferreira, Vasco"]
[Result "1/2-1/2"]
[BlackElo "1561"]
[WhiteElo "1636"]
[LiveChessVersion "1.4.8"]

1. e4 {[%clk 1:30:58]} e6 {[%clk 1:30:56]} 2. d4 {[%clk 1:31:18]} d5
{[%clk 1:31:20]} 3. exd5 {[%clk 1:31:16]} exd5 {[%clk 1:31:34]} 4. Bd3
{[%clk 1:31:26]} Bd6 {[%clk 1:31:44]} 5. Ne2 {[%clk 1:29:28]} Nf6
{[%clk 1:31:29]} 6. O-O {[%clk 1:29:36]} O-O {[%clk 1:19:47]} 7. Bf4
{[%clk 1:29:28]} Bxf4 {[%clk 1:18:07]} 8. Nxf4 {[%clk 1:29:46]} Qd6
{[%clk 1:18:33]} 9. Qd2 {[%clk 1:22:21]} Re8 {[%clk 1:09:06]} 10. Nc3
{[%clk 1:12:21]} c6 {[%clk 1:06:23]} 11. Rfe1 {[%clk 1:08:45]} Nbd7
{[%clk 1:04:27]} 12. Rxe8+ {[%clk 1:06:22]} Nxe8 {[%clk 1:04:27]} 13. Re1
{[%clk 1:06:31]} Ndf6 {[%clk 1:03:21]} 14. a3 {[%clk 0:57:14]} b6
{[%clk 1:01:34]} 15. Qe3 {[%clk 0:54:38]} Bb7 {[%clk 0:58:21]} 16. Qe5
{[%clk 0:52:37]} c5 {[%clk 0:47:14]} 17. Qxd6 {[%clk 0:47:17]} Nxd6
{[%clk 0:47:11]} 18. dxc5 {[%clk 0:46:59]} bxc5 {[%clk 0:47:31]} 19. Nb5
{[%clk 0:45:57]} Nxb5 {[%clk 0:34:32]} 20. Bxb5 {[%clk 0:45:29]} Kf8
{[%clk 0:34:48]} 21. Nd3 {[%clk 0:37:21]} Rc8 {[%clk 0:30:18]} 22. Ne5
{[%clk 0:28:28]} Ne4 {[%clk 0:20:12]} 23. f3 {[%clk 0:25:04]} Nd6
{[%clk 0:19:50]} 24. Nd7+ {[%clk 0:20:14]} Kg8 {[%clk 0:19:36]} 25. Bf1
{[%clk 0:18:49]} g6 {[%clk 0:15:58]} 26. Nf6+ {[%clk 0:15:20]} Kg7
{[%clk 0:16:14]} 27. Nxd5 {[%clk 0:14:51]} Bxd5 {[%clk 0:14:17]} 28. Rd1
{[%clk 0:15:07]} Bxf3 {[%clk 0:13:00]} 29. Rxd6 {[%clk 0:15:01]} Be4
{[%clk 0:13:12]} 30. Bd3 {[%clk 0:14:58]} Bxd3 {[%clk 0:12:59]} 31. Rxd3
{[%clk 0:15:10]} Rb8 {[%clk 0:12:37]} 32. b3 {[%clk 0:14:47]} Rb7
{[%clk 0:10:28]} 33. Rc3 {[%clk 0:13:38]} Rb5 {[%clk 0:09:16]} 34. Kf2
{[%clk 0:12:55]} Kf6 {[%clk 0:08:54]} 35. Ke3 {[%clk 0:12:49]} Ke5
{[%clk 0:08:29]} 36. Ke4+ 1/2-1/2

[Event "TNMH"]
[Site "Universidade de Aveiro"]
[Date "2023.12.19"]
[Round "2.7"]
[White "Ermida, Ricardo"]
[Black "Sousa, Pedro"]
[Result "1/2-1/2"]
[BlackElo "1170"]
[WhiteElo "1700"]
[LiveChessVersion "1.4.8"]

1. c4 {[%clk 1:29:11]} e5 {[%clk 1:15:49]} 2. g3 {[%clk 1:29:33]} Nf6
{[%clk 1:16:07]} 3. Bg2 {[%clk 1:29:49]} c6 {[%clk 1:16:16]} 4. Nf3
{[%clk 1:29:52]} d6 {[%clk 1:14:28]} 5. O-O {[%clk 1:28:08]} Be7 {[%clk 1:13:35]}
6. Nc3 {[%clk 1:23:23]} O-O {[%clk 1:12:23]} 7. Qc2 {[%clk 1:19:03]} Nbd7
{[%clk 1:03:04]} 8. d4 {[%clk 1:18:02]} exd4 {[%clk 1:02:02]} 9. Nxd4
{[%clk 1:18:25]} Re8 {[%clk 0:57:34]} 10. b3 {[%clk 1:17:16]} Qc7
{[%clk 0:56:06]} 11. Bb2 {[%clk 1:15:21]} Ne5 {[%clk 0:53:29]} 12. h3
{[%clk 1:11:10]} Bd7 {[%clk 0:46:38]} 13. Rac1 {[%clk 1:07:57]} Rad8 14. e4
{[%clk 1:03:08]} h5 {[%clk 0:31:40]} 15. Qe2 {[%clk 0:50:51]} Qc8
{[%clk 0:22:54]} 16. Kh2 {[%clk 0:46:07]} Ng6 {[%clk 0:13:35]} 17. h4
{[%clk 0:35:34]} Ne5 {[%clk 0:08:36]} 18. Nd1 {[%clk 0:32:17]} Neg4+
{[%clk 0:07:01]} 19. Kg1 {[%clk 0:32:34]} Ne5 {[%clk 0:05:39]} 20. Nf3
{[%clk 0:31:49]} Bg4 {[%clk 0:04:29]} 21. Bxe5 {[%clk 0:30:59]} dxe5
{[%clk 0:04:46]} 22. Qe3 {[%clk 0:30:00]} Bb4 {[%clk 0:03:54]} 23. Nc3
{[%clk 0:28:07]} Bxf3 {[%clk 0:02:26]} 24. Bxf3 {[%clk 0:24:46]} Rd4
{[%clk 0:02:19]} 25. Nb1 {[%clk 0:17:06]} Red8 {[%clk 0:01:06]} 26. Rfd1
{[%clk 0:15:02]} Bc5 {[%clk 0:01:12]} 27. Qe2 {[%clk 0:12:51]} g6
{[%clk 0:00:50]} 28. Rxd4 {[%clk 0:09:43]} Rxd4 {[%clk 0:01:07]} 29. Nd2
{[%clk 0:08:46]} Qd8 {[%clk 0:01:08]} 30. Nf1 {[%clk 0:08:55]} Ba3
{[%clk 0:00:39]} 31. Rc2 {[%clk 0:08:53]} Bb4 {[%clk 0:00:43]} 32. Rc1
{[%clk 0:08:34]} Ba3 {[%clk 0:01:01]} 33. Rc2 {[%clk 0:07:53]} 1/2-1/2

[Event "TNMH"]
[Site "Universidade de Aveiro"]
[Date "2023.12.19"]
[Round "2.8"]
[White "Justino, Francisco"]
[Black "Tribuzi, Carlos"]
[Result "1/2-1/2"]
[BlackElo "1526"]
[WhiteElo "1392"]
[LiveChessVersion "1.4.8"]

1. d4 {[%clk 1:24:18]} Nf6 {[%clk 1:30:52]} 2. c4 e6 {[%clk 1:31:06]} 3. Nc3
{[%clk 1:24:42]} d5 {[%clk 1:31:26]} 4. cxd5 {[%clk 1:24:55]} exd5
{[%clk 1:31:43]} 5. Bg5 {[%clk 1:25:17]} c6 {[%clk 1:31:47]} 6. e3
{[%clk 1:25:36]} Be7 {[%clk 1:32:02]} 7. Bd3 {[%clk 1:25:25]} Ne4
{[%clk 1:31:49]} 8. Bxe7 {[%clk 1:17:57]} Qxe7 {[%clk 1:32:13]} 9. Nge2
{[%clk 1:16:41]} Bf5 {[%clk 1:25:09]} 10. O-O {[%clk 1:12:17]} O-O
{[%clk 1:22:05]} 11. Re1 {[%clk 1:10:40]} Nd7 {[%clk 1:16:05]} 12. f3
{[%clk 1:07:08]} Nxc3 {[%clk 1:11:18]} 13. Nxc3 {[%clk 1:07:29]} Bxd3
{[%clk 1:07:51]} 14. Qxd3 {[%clk 1:07:57]} f5 {[%clk 1:08:03]} 15. e4
{[%clk 1:03:15]} fxe4 {[%clk 1:06:27]} 16. fxe4 {[%clk 1:03:39]} Qb4
{[%clk 0:56:02]} 17. exd5 {[%clk 0:58:09]} Qxb2 {[%clk 0:48:05]} 18. dxc6
{[%clk 0:54:17]} bxc6 {[%clk 0:33:28]} 19. Rf1 {[%clk 0:47:25]} Nb6
{[%clk 0:29:25]} 20. Rfb1 {[%clk 0:24:06]} Qf2+ {[%clk 0:27:13]} 21. Kh1
{[%clk 0:24:29]} Rae8 {[%clk 0:24:17]} 22. Rf1 {[%clk 0:19:59]} Qb2
{[%clk 0:21:25]} 23. Rab1 {[%clk 0:19:59]} Rxf1+ {[%clk 0:21:04]} 24. Rxf1
{[%clk 0:20:26]} Qb4 {[%clk 0:19:06]} 25. d5 {[%clk 0:17:12]} Qd6
{[%clk 0:12:45]} 26. Qf5 {[%clk 0:16:03]} Qf6 {[%clk 0:09:47]} 27. Qxf6
{[%clk 0:15:28]} gxf6 {[%clk 0:10:13]} 28. dxc6 {[%clk 0:15:52]} Re6
{[%clk 0:09:11]} 29. c7 {[%clk 0:13:21]} Rc6 {[%clk 0:08:54]} 30. Ne4
{[%clk 0:10:51]} Kg7 {[%clk 0:06:44]} 31. h3 {[%clk 0:11:00]} Nd5
{[%clk 0:06:23]} 32. Rd1 {[%clk 0:06:53]} Nxc7 {[%clk 0:06:01]} 33. Rd7+
{[%clk 0:07:16]} Kg6 {[%clk 0:06:05]} 34. Nd6 {[%clk 0:06:33]} f5 1/2-1/2

[Event "TNMH"]
[Site "Universidade de Aveiro"]
[Date "2023.12.19"]
[Round "2.9"]
[White "Meuter, Alain"]
[Black "Marques, Pedro"]
[Result "0-1"]
[BlackElo "1751"]
[WhiteElo "1392"]
[LiveChessVersion "1.4.8"]

1. e4 c5 2. Nf3 {[%clk 1:30:14]} a6 {[%clk 1:31:05]} 3. d4 {[%clk 1:28:40]} cxd4
{[%clk 1:31:31]} 4. c3 {[%clk 1:29:02]} e6 {[%clk 1:27:16]} 5. cxd4
{[%clk 1:31:18]} Nf6 {[%clk 1:25:20]} 6. Nc3 {[%clk 1:23:41]} Bb4
{[%clk 1:21:34]} 7. Bd3 {[%clk 1:17:06]} Nc6 {[%clk 1:09:05]} 8. O-O
{[%clk 1:09:38]} d5 {[%clk 0:58:04]} 9. e5 {[%clk 1:02:05]} Nd7 {[%clk 0:55:27]}
10. Be3 {[%clk 0:42:48]} h6 {[%clk 0:41:31]} 11. Qd2 {[%clk 0:36:00]} Qa5
{[%clk 0:39:21]} 12. a3 {[%clk 0:33:37]} Bxc3 {[%clk 0:38:18]} 13. bxc3
{[%clk 0:34:06]} Nb6 {[%clk 0:36:14]} 14. Qc1 {[%clk 0:29:23]} Bd7
{[%clk 0:31:52]} 15. Nd2 {[%clk 0:27:34]} Na4 {[%clk 0:29:22]} 16. Rb1
{[%clk 0:13:37]} b5 {[%clk 0:27:44]} 17. Nf3 {[%clk 0:13:06]} Qxc3
{[%clk 0:25:04]} 18. Qxc3 {[%clk 0:11:56]} Nxc3 {[%clk 0:25:29]} 19. Rbc1
{[%clk 0:12:09]} Na4 {[%clk 0:25:28]} 20. Nd2 {[%clk 0:10:59]} O-O
{[%clk 0:22:28]} 21. Nb3 {[%clk 0:10:55]} Rfc8 {[%clk 0:22:11]} 22. Nc5
{[%clk 0:10:34]} Nxc5 {[%clk 0:20:50]} 23. Rxc5 {[%clk 0:11:01]} Na5
{[%clk 0:20:35]} 24. Rfc1 {[%clk 0:10:24]} Nc4 {[%clk 0:20:35]} 25. Bxc4
{[%clk 0:09:45]} dxc4 {[%clk 0:19:23]} 26. f4 {[%clk 0:08:31]} Rxc5
{[%clk 0:17:14]} 27. dxc5 {[%clk 0:09:00]} Bc6 {[%clk 0:17:14]} 28. Rd1
{[%clk 0:09:21]} Bd5 {[%clk 0:17:32]} 29. g4 {[%clk 0:09:03]} Kf8
{[%clk 0:14:38]} 30. h4 {[%clk 0:09:03]} Ke7 {[%clk 0:14:36]} 31. Kf2
{[%clk 0:08:53]} Rd8 {[%clk 0:13:43]} 32. Bd4 {[%clk 0:08:19]} Be4
{[%clk 0:12:12]} 33. Ke3 {[%clk 0:07:42]} Bd3 {[%clk 0:12:16]} 34. Rd2
{[%clk 0:07:31]} Kd7 {[%clk 0:11:46]} 35. f5 {[%clk 0:05:02]} exf5
{[%clk 0:09:11]} 36. gxf5 {[%clk 0:02:38]} Bxf5 {[%clk 0:09:00]} 37. Kf4
{[%clk 0:01:35]} g6 {[%clk 0:06:38]} 38. Bc3+ {[%clk 0:01:36]} Kc8
{[%clk 0:06:52]} 39. Rxd8+ {[%clk 0:01:27]} Kxd8 {[%clk 0:07:17]} 40. h5
{[%clk 0:01:25]} Kd7 {[%clk 0:06:59]} 41. hxg6 {[%clk 0:01:39]} fxg6
{[%clk 0:07:12]} 0-1